Temas de direito administrativo : (Record no. 685)

MARC details
000 -LÍDER
Campo Fixo de Controle 00852nam a2200241 a 4500
001 - NÚMERO DE CONTROLE
Campo de Controle 685
003 - IDENTIFICAÇÃO DO NÚMERO DE CONTROLE
Campo de Controle BR-CuiBMT
005 - DATA E HORA DA ÚLTIMA ATUALIZAÇÃO
Campo de Controle 20231127162058.0
008 - DADOS FIXOS
Dados Fixos 231113b2006 rjb 000 0 por d
020 ## - INTERNATIONAL STANDARD BOOK NUMBER
Nº do ISBN 8530920910
040 ## - AGÊNCIA CATALOGADORA
Código da Agência Catalogadora BR-CuiBMT
Agência que transcreveu o registro BR-CuiBMT
080 ## - Nº DA CLASSIFICAÇÃO DECIMAL UNIVERSAL
Nº edição CDU 2007
Nº Class. CDU 342.9
090 ## - NÚMERO DE CHAMADA
Nº classificação 342.9
Cutter T278
245 ## - TÍTULO PRINCIPAL
Título principal Temas de direito administrativo :
Subtítulo estudo em homenagem ao professor Paulo Neves de carvalho /
Indicação de responsabilidade Sérgio Mourão Corrêa Lima ; [autores: Adilson Abreu Dallari ... et al.] ; prefácio de Pedro Paulo de Almeida Dutra.
250 ## - EDIÇÃO
Edição 1. ed.
260 ## - PUBLICAÇÃO, DISTRIBUIÇÃO, ETC.
Local de publicação Rio de Janeiro :
Editora Forense,
Data 2006.
300 ## - DESCRIÇÃO FÍSICA
N. páginas ou volumes 261 p. ;
Dimensões 23 cm
500 ## - NOTAS GERAIS
Notas gerais Vários colaboradores.
650 ## - ASSUNTO TÓPICO
Cabeçalho tópico ou nome geográfico Direito administrativo
Subdivisão geográfica Brasil
700 1# - ENTRADA SECUNDÁRIA -- NOME PESSOAL
Nome pessoal Lima, Sérgio Mourão Corrêa
Cód. do termo explicativo coord.
700 1# - ENTRADA SECUNDÁRIA -- NOME PESSOAL
Nome pessoal Dallari, Adilson de Abreu
Termo de relação et al.
-- autores
942 ## - ELEMENTOS DE ENTRADA ADICIONAIS (KOHA)
Fonte de classificação ou esquema de arquivamento Classificação Decimal Universal
Tipo de item do Koha Livros
Holdings
Estado: removido Estado: perdido Fonte de classificação ou esquema de arquivamento Estado: danificado Indisponível para empréstimo Localização permanente Localização atual Data de aquisição Total Checkouts Número de Chamada completo Código de barras Date last seen Número do exemplar Preço efetivo a partir de Tipo de item (Koha)
    Classificação Decimal Universal     Biblioteca da Escola Superior de Contas do TCE/MT Biblioteca da Escola Superior de Contas do TCE/MT 13/11/2023   342.9 T278 BIBTCEMT23110529 13/11/2023 Ex. 1 13/11/2023 Livros

Powered by Koha